Stray Kids song evolution - Statistics

General Stats
  • This quiz has been taken 101 times
  • The average score is 19 of 37
Answer Stats
Year language Start with Answer % Correct
2017 Korean H Hellevator
98%
2018 Korean D District 9
87%
2025 Korean C CEREMONY
79%
2022 Korean M MANIAC
77%
2023 Korean S S-Class
77%
2020 Korean G God's Menu
75%
2019 Korean M MIROH
75%
2020 Korean B Back Door
74%
2025 Japanese H Hollow
74%
2019 Korean L Levanter
72%
2024 Korean W Walkin On Water
72%
2023 Korean L LALALALA
70%
2022 Korean C CASE 143
66%
2018 Korean I I am YOU
66%
2024 Korean C Chk Chk Boom
64%
2021 Korean T Thunderous
64%
2019 Korean S Side Effects
62%
2018 Korean M My Pace
61%
2020 Japanese A ALL IN
59%
2024 Japanese G GIANT
56%
2022 Korean C CIRCUS
51%
2019 Korean D Double Knot
48%
2023 Japanese T THE SOUND
41%
2024 English L Lose My Breath
39%
2020 Korean T TOP
38%
2021 Korean C Christmas EveL
36%
2023 Japanese S Social Path
36%
2021 Japanese S Scars
31%
2022 Korean F FAM
25%
2024 Japanese F Falling Up
23%
2021 Korean M Mixtape : OH
21%
2024 Korean N NIGHT
18%
2023 Japanese S Super Bowl
18%
2020 Korean M Mixtape : On Track
13%
2019 Korean M Mixtape : Gone Days
11%
2022 Korean T Time Out
11%
2021 Korean W Winter Falls
11%
No matching quizzes found
Score Distribution
Percent of People with Each Score
Percentile by Number Answered
Your Score History
You have not taken this quiz